Narcotics Anonymous. (Record no. 2570)

MARC details
000 -LEADER
fixed length control field 00963cam a2200313 a 4500
001 - CONTROL NUMBER
control field 4369630
003 - CONTROL NUMBER IDENTIFIER
control field GBCCL
005 - DATE AND TIME OF LATEST TRANSACTION
control field 20241126110432.0
008 - FIXED-LENGTH DATA ELEMENTS--GENERAL INFORMATION
fixed length control field 900725s1988 cau 001 0 eng
010 ## -
-- 90178593
020 ## - INTERNATIONAL STANDARD BOOK NUMBER
International Standard Book Number 0912075023 (hardcover)
020 ## - INTERNATIONAL STANDARD BOOK NUMBER
International Standard Book Number 155776025X (paperback)
040 ## - CATALOGING SOURCE
Original cataloging agency DLC
Transcribing agency DLC
Modifying agency DLC
043 ## -
-- n-us---
050 00 -
-- HV5825
-- .N28 1988
082 00 - DEWEY DECIMAL CLASSIFICATION NUMBER
Classification number 362.29386
-- 362.293860973
Edition information 20
Item number NAR
245 00 - TITLE STATEMENT
Title Narcotics Anonymous.
250 ## - EDITION STATEMENT
Edition statement 5th ed.
260 ## - PUBLICATION, DISTRIBUTION, ETC.
Place of publication, distribution, etc. Van Nuys, CA, U.S.A. :
Name of publisher, distributor, etc. World Service Office,
Date of publication, distribution, etc. 1988.
300 ## - PHYSICAL DESCRIPTION
Extent xvi, 286 p. ;
Dimensions 23 cm.
500 ## - GENERAL NOTE
General note Includes index.
610 20 - SUBJECT ADDED ENTRY--CORPORATE NAME
Corporate name or jurisdiction name as entry element Narcotics Anonymous.
9 (RLIN) 5385
650 #0 - SUBJECT ADDED ENTRY--TOPICAL TERM
Topical term or geographic name entry element Drug addicts
General subdivision Rehabilitation
Geographic subdivision United States
Form subdivision Case studies.
9 (RLIN) 5386
710 2# - ADDED ENTRY--CORPORATE NAME
Corporate name or jurisdiction name as entry element Narcotics Anonymous.
9 (RLIN) 5385
906 ## - LOCAL DATA ELEMENT F, LDF (RLIN)
a 7
b cbc
c orignew
d 2
e ncip
f 19
g y-gencatlg
942 ## - ADDED ENTRY ELEMENTS (KOHA)
Source of classification or shelving scheme Dewey Decimal Classification
Koha item type Books
Koha issues (borrowed), all copies 4
Holdings
Withdrawn status Lost status Source of classification or shelving scheme Damaged status Not for loan Home library Current Library Shelving location Date acquired Total checkouts Total renewals Full call number Barcode Date last seen Date last checked out Copy number Price effective from Koha item type
    Dewey Decimal Classification     GRACE BIBLE COLLEGE GRACE BIBLE COLLEGE General Studies 2017-08-25 4 2 362.29386 NAR 008831 2025-05-01 2024-07-17 c.1 2017-08-25 Books
© Grace Bible College Library 2025